Logo BPK

Biblioteka

Politechniki Koszalińskiej

Drzewoznawstwo : (Rekord nr 8283)

Szczegóły MARC
000 -ETYKIETA REKORDU
podpole kontrolne o stałej długości 01286nam a2200337 i 4500
001 - NUMER KONTROLNY REKORDU
pole kontrolne 8283
003 - IDENTYFIKATOR NUMERU KONTROLNEGO REKORDU
podpole kontrolne KOSZ 005
005 - DATA OSTATNIEJ MODYFIKACJI REKORDU
podpole kontrolne 20220316123027.0
008 - POLE O STAŁEJ DŁUGOŚCI - DANE KONTROLNE
podpole kontrolne o stałej długości 170701s1955 pl a f 001 0 pol
040 ## - ŹRÓDŁO KATALOGOWANIA
Instytucja, która sporządziła opis WA N
Instytucja, która utworzyła rekord WA N
Instytucja, która dokonała modyfikacji KOSZ 005/RW
-- KOSZ 005/HR
046 ## - DATY KODOWANE
Pojedyncza data lub początek okresu powstania dzieła lub zbioru dzieł 1955
080 ## - UNIWERSALNA KLASYFIKACJA DZIESIĘTNA - UKD
UKD 634
080 ## - UNIWERSALNA KLASYFIKACJA DZIESIĘTNA - UKD
UKD 582.091
245 00 - TYTUŁ/ODPOWIEDZIALNOŚĆ
Tytuł Drzewoznawstwo :
Ciąg dalszy tytułu [praca zbiorowa /
Pozostałe elementy strefy tytułu i oznaczenia odpowiedzialności pod red. Stefana Białoboka i Zygmunta Hellwiga ; zespół aut. S. Alwin et al. ; oprac. graf. Z. Bocheńska].
260 ## - STREFA ADRESU WYDAWNICZEGO
Miejsce wydania Warszawa :
Nazwa wydawcy/dystrybutora Państwowe Wydawnictwo Rolnicze i Leśne,
Data publikacji, dystrybucji/powstania dokumentu 1955.
300 ## - STREFA OPISU FIZYCZNEGO
Objętość 797, [3] s., 64 k. tabl. :
Inne cechy fizyczne il., mapa, err. ;
Rozmiary 25 cm.
380 ## - FORMA I TYP PUBLIKACJI
Forma i typ publikacji Książki
388 ## - CZAS POWSTANIA
Czas powstania 1901-2000
388 ## - CZAS POWSTANIA
Czas powstania 1945-1989
504 ## - UWAGA DOTYCZĄCA BIBLIOGRAFII
Informacje o bibliografii Bibliogr. s. [737]-739. Indeks.
650 #4 - HASŁO PRZEDMIOTOWE W FORMIE NAZWY OGÓLNEJ LUB JEDNOSTKOWEJ
Nazwa ogólna lub geograficzna Drzewa
658 ## - TERMIN INDEKSOWY - PRZEDMIOT PROGRAMU NAUCZANIA
Główny przedmiot programu nauczania Biologia
658 ## - TERMIN INDEKSOWY - PRZEDMIOT PROGRAMU NAUCZANIA
Główny przedmiot programu nauczania Rolnictwo i leśnictwo
700 1# - HASŁO DODATKOWE - NAZWA OSOBOWA
Nazwa osobowa Białobok, Stefan
Daty związane z nazwą (1909-1992)
Określenie związku między hasłem a opisywanym materiałem Redakcja
700 1# - HASŁO DODATKOWE - NAZWA OSOBOWA
Nazwa osobowa Hellwig, Zygmunt
Daty związane z nazwą (1899-1958)
Określenie związku między hasłem a opisywanym materiałem Redakcja
700 1# - HASŁO DODATKOWE - NAZWA OSOBOWA
Nazwa osobowa Alwin, Stefan
Daty związane z nazwą (ca 1916-1997)
Określenie związku między hasłem a opisywanym materiałem Autor
700 1# - HASŁO DODATKOWE - NAZWA OSOBOWA
Nazwa osobowa Bocheńska, Zofia
Daty związane z nazwą (1918- )
Określenie związku między hasłem a opisywanym materiałem Ilustracje
710 2# - HASŁO DODATKOWE - NAZWA CIAŁA ZBIOROWEGO
Nazwa ciała zbiorowego lub jednostki geograficznej Państwowe Wydawnictwo Rolnicze i Leśne
Kod określenia powiązania pbl.
856 ## - LOKALIZACJA I DOSTĘP DO ELEKTRONICZNYCH DOKUMENTÓW ZDALNYCH
Link (URL) http://koha.tu.koszalin.pl/cgi-bin/koha/opac-detail.pl?biblionumber=8283
Tekst linku Katalog online BPK
942 ## - DODATKOWE ELEMENTY (KOHA)
Schemat klasyfikacji Uniwersalna Klasyfikacja Dziesiętna
Typ dokumentu Książka
Egzemplarze
Wycofany Status egzemplarza Uszkodzony Dostępność Lokalizacja stała Lokalizacja bieżąca Miejsce przechowywania Sygnatura Kod kreskowy Typ dokumentu
      Dostępny Biblioteka Politechniki Koszalińskiej Biblioteka Politechniki Koszalińskiej Wypożyczalnia BG 4799 01625790 Książka
© 2023 Biblioteka Politechniki Koszalińskiej :: KOHA